[Event "Sardinia World Open A"]
[Site "Orosei ITA"]
[Date "2025.04.30"]
[Round "6.21"]
[White "Akshat Sureka"]
[Black "Urbani, Gabriel"]
[Result "0-1"]
[BlackTitle "FM"]
[WhiteElo "2009"]
[BlackElo "2277"]
[WhiteFideId "25774492"]
[BlackFideId "2830138"]
[EventDate "2025.04.27"]

1. e4 c5 2. Nf3 e6 3. d3 d5 4. Nbd2 Nc6 5. g3 g6 6. Bg2 Bg7 7. O-O Nge7 8. Re1
O-O 9. c3 b5 10. Nf1 a5 11. e5 Rb8 12. Bf4 b4 13. Qd2 a4 14. c4 Na5 15. Ne3 dxc4
16. dxc4 Qxd2 17. Nxd2 h6 18. Ng4 Nf5 19. Nf6+ Kh8 20. g4 Nd4 21. Rac1 g5 22.
Bg3 Rd8 23. Nde4 Ba6 24. Nh5 Nxc4 25. Nxc5 Bb5 26. Nb7 Rd7 27. Nd6 Nxd6 28. exd6
Ne2+ 29. Rxe2 Bxe2 30. Rc7 Bb5 31. Bf1 Rdd8 32. Rxf7 Bxb2 33. d7 Bxf1 34. Bxb8
b3 35. Bc7 bxa2 36. Bxd8 a1=Q 37. Bf6+ Bxf6 38. Rf8+ Kh7 39. Nxf6+ Kg6 40. Rg8+
Kf7 41. d8=Q Bh3+ 0-1

[Event "Sardinia World Open A"]
[Site "Orosei ITA"]
[Date "2025.04.30"]
[Round "6.22"]
[White "Stocek, Jiri"]
[Black "Fulgentini, Edoardo"]
[Result "0-1"]
[WhiteTitle "GM"]
[WhiteElo "2492"]
[BlackElo "2113"]
[WhiteFideId "304760"]
[BlackFideId "28557050"]
[EventDate "2025.04.27"]

1. d4 Nf6 2. c4 e6 3. Nc3 Bb4 4. e3 O-O 5. Bd3 d5 6. Nf3 dxc4 7. Bxc4 c5 8. O-O
b6 9. a3 Bxc3 10. bxc3 Qc7 11. Ba2 Bb7 12. Bb2 Ng4 13. Re1 Bxf3 14. Qxf3 Qxh2+
15. Kf1 Qh4 16. Ke2 Nd7 17. Rh1 Qg5 18. Qh3 Qf5 19. Raf1 cxd4 20. exd4 Qc2+ 21.
Kf3 Ndf6 22. Bb1 Qxb2 23. Bxh7+ Kh8 0-1

[Event "Sardinia World Open A"]
[Site "Orosei ITA"]
[Date "2025.04.30"]
[Round "6.23"]
[White "Federer, Colin"]
[Black "Brunello, Marina"]
[Result "1-0"]
[BlackTitle "IM"]
[WhiteElo "2103"]
[BlackElo "2325"]
[WhiteFideId "1345117"]
[BlackFideId "822590"]
[EventDate "2025.04.27"]

1. e4 c6 2. d4 d5 3. e5 Bf5 4. Nf3 e6 5. Be2 c5 6. Be3 cxd4 7. Nxd4 Ne7 8. c4
Nbc6 9. Qa4 a6 10. Nc3 dxc4 11. Rd1 Qa5 12. Qxa5 Nxa5 13. f4 Bd3 14. Bxd3 cxd3
15. Rxd3 Nc4 16. Bc1 O-O-O 17. Ke2 g5 18. b3 Nb6 19. Ne4 gxf4 20. Bxf4 Ng6 21.
Rc1+ Kb8 22. Nc6+ bxc6 23. Rxd8+ Kc7 24. Bg5 Nd5 25. Ra8 Kb7 26. Re8 Nxe5 27.
Bf6 Nxf6 28. Nxf6 h6 29. Rd1 Bg7 30. Rxh8 Bxh8 31. Nd7 Kc7 32. Nxe5 Bxe5 33. Kf3
f5 34. g3 a5 35. Rc1 Kd6 36. Rc4 Kd5 37. Rh4 Bg7 38. g4 fxg4+ 39. Rxg4 Bc3 40.
Rg8 c5 41. Rd8+ Ke5 42. Ke3 Bd4+ 43. Kd3 Kf4 44. Ra8 e5 45. Rf8+ Kg4 46. Ke4 Kh3
47. Rh8 Kxh2 48. Rxh6+ Kg2 49. Rf6 Kg3 50. Rf5 a4 51. Rxe5 axb3 52. axb3 Kf2 53.
Rd5 Be3 1-0

[Event "Sardinia World Open A"]
[Site "Orosei ITA"]
[Date "2025.04.30"]
[Round "6.24"]
[White "Hu, Jiani"]
[Black "Ypma, Peter"]
[Result "1/2-1/2"]
[WhiteTitle "WFM"]
[BlackTitle "FM"]
[WhiteElo "2091"]
[BlackElo "2288"]
[WhiteFideId "8610312"]
[BlackFideId "1027255"]
[EventDate "2025.04.27"]

1. d4 g6 2. g3 Bg7 3. Bg2 f5 4. Nf3 Nf6 5. O-O O-O 6. c4 c6 7. Nc3 d6 8. b3 Qc7
9. Bb2 e5 10. e3 f4 11. exf4 exf4 12. Qd2 Bh6 13. d5 c5 14. h4 Bg4 15. Ng5 fxg3
16. fxg3 Nbd7 17. Rae1 Rae8 18. Rxe8 Nxe8 19. Rxf8+ Nxf8 20. Nb5 Qe7 21. Nxa7
Bg7 22. Bxg7 Qxg7 23. Qf4 Bd7 24. a4 Qa1+ 25. Qf1 Qd4+ 26. Kh1 Nf6 27. Nb5 Bxb5
28. axb5 b6 1/2-1/2

[Event "Sardinia World Open A"]
[Site "Orosei ITA"]
[Date "2025.04.30"]
[Round "6.25"]
[White "Nortier, Julien"]
[Black "Maisuradze, Nino"]
[Result "0-1"]
[BlackTitle "WGM"]
[WhiteElo "2083"]
[BlackElo "2189"]
[WhiteFideId "36084140"]
[BlackFideId "13601717"]
[EventDate "2025.04.27"]

1. d4 Nf6 2. Bf4 b6 3. Nf3 Bb7 4. e3 d6 5. c4 Nh5 6. Bg5 h6 7. Bh4 g5 8. Nfd2
Nf4 9. exf4 gxh4 10. Qg4 e6 11. Nf3 h5 12. Qh3 Qf6 13. f5 Be7 14. Nc3 Rg8 15.
Bd3 Rg4 16. O-O-O Na6 17. fxe6 fxe6 18. Rhe1 O-O-O 19. d5 Nc5 20. Bf1 Kb8 21.
Re3 Bf8 22. Kb1 Bh6 23. Ree1 Bc8 24. dxe6 Bxe6 25. Rxe6 Nxe6 26. Nd5 Qf7 27. Nd2
Qxf2 28. Nb3 Bg7 29. Nc3 Nf4 30. Qf3 Qxf3 31. gxf3 Rg1 32. Ne4 Rh1 33. c5 Rxh2
34. Bc4 d5 35. Nc3 Bxc3 36. bxc3 h3 37. Ba6 Rg2 38. Nd4 Rg6 0-1

[Event "Sardinia World Open A"]
[Site "Orosei ITA"]
[Date "2025.04.30"]
[Round "6.26"]
[White "Deboushnik De"]
[Black "Balinski, Damian"]
[Result "1/2-1/2"]
[WhiteElo "2038"]
[BlackElo "2183"]
[WhiteFideId "25768778"]
[BlackFideId "1120913"]
[EventDate "2025.04.27"]

1. d4 f5 2. e4 fxe4 3. Nc3 Nf6 4. Bg5 e6 5. Nxe4 Be7 6. Bxf6 Bxf6 7. Nf3 O-O 8.
Bd3 b6 9. c3 Ba6 10. h4 Bxd3 11. Qxd3 Nc6 12. O-O-O Ne7 13. h5 Nd5 14. g4 Rb8
15. Rdg1 b5 16. g5 Be7 17. Ne5 Qe8 18. g6 h6 19. Nf7 Bd6 20. Nexd6 cxd6 21. Qd2
Qe7 22. Rh3 1/2-1/2

[Event "Sardinia World Open A"]
[Site "Orosei ITA"]
[Date "2025.04.30"]
[Round "6.27"]
[White "Wecker, Martin"]
[Black "Gut, Lionel"]
[Result "1/2-1/2"]
[WhiteElo "2035"]
[BlackElo "2177"]
[WhiteFideId "12931462"]
[BlackFideId "1339966"]
[EventDate "2025.04.27"]

1. Nf3 Nf6 2. c4 g6 3. Nc3 d5 4. cxd5 Nxd5 5. h4 Bg7 6. e4 Nxc3 7. dxc3 Qxd1+ 8.
Kxd1 Nd7 9. Bc4 Nc5 10. Re1 e5 11. b4 Be6 12. Bxe6 Nxe6 13. Kc2 a5 14. b5 a4 15.
Ba3 f6 16. Nd2 Bf8 1/2-1/2

[Event "Sardinia World Open A"]
[Site "Orosei ITA"]
[Date "2025.04.30"]
[Round "6.28"]
[White "Sitbon, Itay"]
[Black "Karanikolas, Dimitrios"]
[Result "1/2-1/2"]
[WhiteElo "2177"]
[BlackElo "2054"]
[WhiteFideId "2820706"]
[BlackFideId "4202589"]
[EventDate "2025.04.27"]

1. d4 e6 2. Nf3 Nf6 3. c4 d5 4. g3 Be7 5. Bg2 O-O 6. O-O b6 7. cxd5 exd5 8. Nc3
Bb7 9. Ne5 Nbd7 10. Qa4 Nxe5 11. dxe5 Ne4 12. Nxe4 dxe4 13. Bxe4 Bxe4 14. Qxe4
Qd7 15. Bf4 c6 16. Rac1 Rac8 17. Rfd1 Qe6 18. Qc4 Rc7 19. h4 h6 20. Kg2 Rd8 21.
b3 Rxd1 22. Rxd1 b5 23. Qd3 a6 24. a4 bxa4 25. bxa4 c5 26. Rb1 c4 27. Qc3 Rc8
28. f3 Bxh4 29. Rb7 Bd8 30. Be3 Qc6 31. Ra7 Qe6 32. Bd4 1/2-1/2

[Event "Sardinia World Open A"]
[Site "Orosei ITA"]
[Date "2025.04.30"]
[Round "6.29"]
[White "Verga, Francesco"]
[Black "Rosh, Jain"]
[Result "0-1"]
[BlackTitle "FM"]
[WhiteElo "1982"]
[BlackElo "2150"]
[WhiteFideId "28500598"]
[BlackFideId "25789465"]
[EventDate "2025.04.27"]

1. e4 c5 2. Nf3 a6 3. c3 b5 4. d4 e6 5. Bd3 Bb7 6. O-O Nf6 7. Qe2 Be7 8. Rd1
cxd4 9. cxd4 d5 10. e5 Nfd7 11. Nbd2 Nc6 12. Nf1 g5 13. Be3 g4 14. Ne1 h5 15.
Rac1 Qb6 16. Bb1 O-O-O 17. a3 Kb8 18. b4 Qa7 19. Nd3 Nb6 20. Nc5 Nc4 21. Rc3 Qb6
22. Nd2 Qc7 23. Nxc4 bxc4 24. Rc2 Bxc5 25. bxc5 Ka7 26. Rb2 Rb8 27. Bc2 Ba8 28.
Rdb1 Rxb2 29. Rxb2 Rb8 30. Bd1 Qa5 31. Rxb8 Nxb8 32. a4 Nc6 33. Bd2 c3 34. Be3
Qb4 35. Qd3 Qb2 36. Qc2 Nb4 37. Qc1 Qxc1 38. Bxc1 c2 39. Bxg4 hxg4 40. h4 gxh3
41. gxh3 Nd3 42. Bd2 c1=Q+ 43. Bxc1 Nxc1 44. Kf1 Nb3 45. h4 Nxd4 46. h5 Nf5 0-1

[Event "Sardinia World Open A"]
[Site "Orosei ITA"]
[Date "2025.04.30"]
[Round "6.30"]
[White "Marzano, Carlo"]
[Black "Advaitt Srikant Koduri"]
[Result "1/2-1/2"]
[WhiteElo "2131"]
[BlackElo "2017"]
[WhiteFideId "802980"]
[BlackFideId "25185454"]
[EventDate "2025.04.27"]

1. d4 d5 2. c4 c6 3. Nf3 Nf6 4. Qc2 g6 5. Bf4 Bg7 6. e3 O-O 7. Nc3 c5 8. dxc5
Qa5 9. cxd5 Nxd5 10. Be5 Nb4 11. Qb1 Bf5 12. e4 Bxe5 13. Nxe5 Be6 14. a3 Qxc5
15. Nd3 Nxd3+ 16. Bxd3 Nc6 17. O-O Rfd8 18. Ne2 Ne5 19. b4 Qb6 20. Nf4 Bg4 21.
Be2 Rd2 22. Ra2 Qd4 23. Qa1 Qxa1 24. Rfxa1 Rad8 25. f3 Bc8 1/2-1/2

[Event "Sardinia World Open A"]
[Site "Orosei ITA"]
[Date "2025.04.30"]
[Round "6.31"]
[White "Vagman, Roy"]
[Black "Berikkyzy Alanna"]
[Result "1-0"]
[WhiteTitle "FM"]
[BlackTitle "WFM"]
[WhiteElo "2437"]
[BlackElo "2103"]
[WhiteFideId "2828995"]
[BlackFideId "13780719"]
[EventDate "2025.04.27"]

1. e4 c5 2. Nf3 Nc6 3. d4 cxd4 4. Nxd4 g6 5. c4 d6 6. Nc3 Nxd4 7. Qxd4 Nf6 8.
Be2 Bg7 9. O-O O-O 10. Qd3 Be6 11. Be3 a6 12. b3 Qa5 13. Bd4 Rfc8 14. f4 Bd7 15.
e5 Bf5 16. Qe3 dxe5 17. fxe5 Bd7 18. exf6 exf6 19. Bf3 Bc6 20. Nd5 Bxd5 21. Bxd5
Re8 22. Qf2 1-0

[Event "Sardinia World Open A"]
[Site "Orosei ITA"]
[Date "2025.04.30"]
[Round "6.32"]
[White "Romanishin, Oleg M"]
[Black "Floris, Federico"]
[Result "1-0"]
[WhiteTitle "GM"]
[WhiteElo "2291"]
[BlackElo "2096"]
[WhiteFideId "14100088"]
[BlackFideId "898287"]
[EventDate "2025.04.27"]

1. Nf3 d5 2. g3 c5 3. Bg2 Nc6 4. d4 e6 5. O-O cxd4 6. Nxd4 Bc5 7. Nb3 Bb6 8. c4
Nge7 9. Nc3 O-O 10. c5 Bc7 11. e4 d4 12. Nb5 e5 13. f4 Bb8 14. f5 f6 15. g4 g5
16. h4 h6 17. Rf3 b6 18. Bf1 a6 19. Na3 b5 20. Bd2 Kf7 21. Nc2 Rh8 22. a4 b4 23.
a5 Bc7 24. Rh3 Rb8 25. Kf2 Kg7 26. Qf3 Ng8 27. Bc4 Nxa5 28. Nxa5 Bxa5 29. b3 Qc7
30. Ne1 Qxc5 31. Nd3 Qc7 32. Rah1 Qd8 33. hxg5 fxg5 34. Nxe5 Qb6 35. Nf7 Nf6 36.
Nxh8 Bb7 37. Bd3 Rxh8 38. Bxg5 h5 39. Bxf6+ Qxf6 40. g5 Qc6 41. Rxh5 1-0

[Event "Sardinia World Open A"]
[Site "Orosei ITA"]
[Date "2025.04.30"]
[Round "6.34"]
[White "Solomon, Kenny"]
[Black "Petcu, Gabriel"]
[Result "1-0"]
[WhiteTitle "GM"]
[WhiteElo "2272"]
[BlackElo "2063"]
[WhiteFideId "14300192"]
[BlackFideId "28548485"]
[EventDate "2025.04.27"]

1. d4 Nf6 2. c4 e6 3. Nf3 d5 4. Nc3 c6 5. cxd5 exd5 6. Bg5 Be7 7. Qc2 O-O 8. e3
Nbd7 9. Bd3 Re8 10. h3 Nf8 11. Bf4 Bd6 12. Bxd6 Qxd6 13. O-O-O b5 14. Kb1 a5 15.
e4 dxe4 16. Nxe4 Nxe4 17. Bxe4 Ra6 18. Rhe1 g6 19. Ka1 Be6 20. Ne5 Rc8 21. Qc5
Qxc5 22. dxc5 f6 23. Nf3 Re8 24. Rd6 Bd7 25. Bd5+ Kh8 26. Rxe8 Bxe8 27. Rxf6 Kg7
28. Rd6 b4 29. Ne5 Ra7 30. Nxc6 Rc7 31. Kb1 Bd7 32. g4 h5 33. Ne5 hxg4 34. hxg4
Bc8 35. c6 Re7 36. Nc4 Bxg4 37. Ne3 Bh3 38. Kc1 Nh7 39. Bc4 Nf6 40. Bd3 Rc7 41.
Rxf6 Bf5 42. Rd6 1-0

[Event "Sardinia World Open A"]
[Site "Orosei ITA"]
[Date "2025.04.30"]
[Round "6.35"]
[White "Pecci, William"]
[Black "Grot, Blazej"]
[Result "1/2-1/2"]
[BlackTitle "CM"]
[WhiteElo "2105"]
[BlackElo "2206"]
[WhiteFideId "2831940"]
[BlackFideId "21835845"]
[EventDate "2025.04.27"]

1. e4 c5 2. Nf3 e6 3. c4 Nc6 4. Nc3 Nd4 5. Bd3 Ne7 6. Nxd4 cxd4 7. Ne2 Nc6 8.
O-O e5 9. a3 a5 10. f4 d6 11. Bc2 Bg4 12. d3 Be7 13. h3 Bxe2 14. Qxe2 O-O 15.
Ba4 Bf6 16. Bd2 Qb6 17. f5 Rfc8 18. g4 Qd8 19. Kh2 Na7 20. g5 Bxg5 21. Bxg5 Qxg5
22. Rf3 Qf6 23. Rg1 Kh8 24. Rfg3 Rg8 25. Qh5 Nc6 26. Rg4 Ne7 27. Rh4 h6 28. Rhg4
Kh7 29. R4g3 g6 30. Qf3 gxf5 31. exf5 Rxg3 32. Rxg3 Qxf5 33. Qxb7 Rg8 34. Rxg8
Kxg8 35. Qxe7 Qf2+ 1/2-1/2

[Event "Sardinia World Open A"]
[Site "Orosei ITA"]
[Date "2025.04.30"]
[Round "6.36"]
[White "Rubinshtein, Kamilla"]
[Black "Kanyamarala, Trisha"]
[Result "1-0"]
[BlackTitle "WIM"]
[WhiteElo "2058"]
[BlackElo "2185"]
[WhiteFideId "2838708"]
[BlackFideId "45004722"]
[EventDate "2025.04.27"]

1. e4 c5 2. Nf3 e6 3. d4 cxd4 4. Nxd4 a6 5. Bd3 Bc5 6. c3 Qc7 7. O-O Nf6 8. Bg5
Be7 9. f4 d6 10. Nd2 Nbd7 11. Qf3 h6 12. Bh4 Nc5 13. Bc2 Nfxe4 14. Nxe4 Bxh4 15.
f5 e5 16. f6 Bxf6 17. Nxf6+ gxf6 18. Qxf6 Rf8 19. Rae1 Be6 20. Nf5 Bxf5 21. Bxf5
Nd7 22. Qxh6 O-O-O 23. Rd1 Qc5+ 24. Kh1 Kc7 25. Bxd7 Kxd7 26. Qg7 Qc4 27. b3 Qe2
28. Rfe1 Qh5 29. Qxe5 Qxe5 30. Rxe5 Kc6 31. Rf5 Rde8 32. Rdf1 Re2 33. R5f2 Rxf2
34. Rxf2 Kd5 35. g4 b5 36. Kg2 Rc8 37. Rf3 Ke6 38. h4 a5 39. Kg3 d5 40. Kf4 b4
41. cxb4 axb4 42. Rf2 Rc3 43. Rh2 d4 44. h5 d3 45. Ke3 Rc2 46. Rxc2 Kd5 1-0

[Event "Sardinia World Open A"]
[Site "Orosei ITA"]
[Date "2025.04.30"]
[Round "6.37"]
[White "Vihaan Karthikeya N"]
[Black "Panjer, Sidney"]
[Result "1-0"]
[WhiteElo "2025"]
[BlackElo "2172"]
[WhiteFideId "25950673"]
[BlackFideId "16207041"]
[EventDate "2025.04.27"]

1. d4 d5 2. c4 e6 3. Nc3 Nf6 4. cxd5 exd5 5. Bg5 Bb4 6. e3 h6 7. Bh4 g5 8. Bg3
Ne4 9. Qc2 h5 10. f3 Nxg3 11. hxg3 c6 12. Bd3 Be6 13. Ne2 Nd7 14. a3 Bxc3+ 15.
bxc3 Qe7 16. a4 Nb6 17. a5 Nc8 18. Kf2 Nd6 19. Nc1 h4 20. g4 Qf6 21. Ke2 O-O-O
22. Nb3 Rde8 23. Nc5 Kc7 24. Rab1 Re7 25. Qa4 Rhe8 26. Kd2 Bxg4 27. Rhe1 Bf5 28.
Bxf5 Qxf5 29. Qb4 Qc8 30. Kd3 h3 31. e4 hxg2 32. e5 Qf5+ 33. Ke3 Qc2 34. Na6+
Kc8 35. Qxd6 Qxc3+ 36. Kf2 Qxd4+ 37. Re3 g1=Q+ 38. Rxg1 bxa6 39. Qxc6+ Kd8 40.
Rb1 Qd2+ 41. Re2 1-0

[Event "Sardinia World Open A"]
[Site "Orosei ITA"]
[Date "2025.04.30"]
[Round "6.38"]
[White "Gagliardi, Cristian"]
[Black "Alaime, Maxime"]
[Result "1-0"]
[WhiteElo "2165"]
[BlackElo "2029"]
[WhiteFideId "810665"]
[BlackFideId "36045403"]
[EventDate "2025.04.27"]

1. d4 Nf6 2. Bf4 g6 3. Nc3 d5 4. Qd2 c6 5. f3 b5 6. a3 Bg7 7. Bh6 Bxh6 8. Qxh6
Na6 9. Qd2 Qa5 10. Ra2 h5 11. b4 Qb6 12. e3 Kf8 13. Nge2 Kg7 14. Nc1 Bf5 15. Bd3
Be6 16. O-O Rae8 17. Nb3 Bc8 18. f4 Bf5 19. Nd1 Ne4 20. Bxe4 Bxe4 21. Nf2 f6 22.
Qc3 Qc7 23. a4 Qd6 24. axb5 Nxb4 25. Ra4 1-0

[Event "Sardinia World Open A"]
[Site "Orosei ITA"]
[Date "2025.04.30"]
[Round "6.39"]
[White "Beliman, Alexandro"]
[Black "Wolfer, Noah"]
[Result "1/2-1/2"]
[WhiteElo "2152"]
[BlackElo "1961"]
[WhiteFideId "28512413"]
[BlackFideId "34648054"]
[EventDate "2025.04.27"]

1. e4 c5 2. Nf3 d6 3. d4 cxd4 4. Nxd4 Nf6 5. Nc3 Nc6 6. Be3 Ng4 7. Bb5 Nxe3 8.
fxe3 Bd7 9. O-O e6 10. Bxc6 Bxc6 11. e5 Be7 12. Nxc6 bxc6 13. Qf3 O-O 14. Qxc6
dxe5 15. Rad1 Qb6 16. Qxb6 axb6 17. Rd3 Bc5 18. a3 f5 19. Re1 f4 20. Ne4 Bxe3+
21. Kf1 h6 22. Ke2 Rfd8 23. c3 Rd5 24. Red1 Rad8 25. a4 Kf7 26. c4 Rxd3 27. Rxd3
Bd4 28. b3 Ke7 29. Kd2 Kd7 30. Kc2 Kc7 31. b4 Rg8 32. h4 g5 33. hxg5 hxg5 34.
Rh3 Rg7 35. g4 Be3 36. Kc3 Bd4+ 37. Kd3 Rd7 38. Nxg5 Be3+ 39. Ke4 Rd4+ 40. Kxe5
Rxc4 41. Nxe6+ Kb7 42. b5 Rxa4 43. Rh7+ Kb8 44. Rh8+ Ka7 45. Rh7+ Kb8 46. Rf7
Rb4 47. g5 f3 48. Rf8+ Ka7 49. Rxf3 Rxb5+ 50. Kd6 Bxg5 51. Rf7+ Kb8 52. Nd4 Rc5
53. Nc6+ Rxc6+ 54. Kxc6 Be3 1/2-1/2

[Event "Sardinia World Open A"]
[Site "Orosei ITA"]
[Date "2025.05.01"]
[Round "7.1"]
[White "Yoo, Christopher Woojin"]
[Black "Sonis, Francesco"]
[Result "1-0"]
[WhiteTitle "GM"]
[BlackTitle "GM"]
[WhiteElo "2588"]
[BlackElo "2576"]
[WhiteFideId "30909694"]
[BlackFideId "895733"]
[EventDate "2025.04.27"]

1. e4 c5 2. Nf3 d6 3. d4 cxd4 4. Nxd4 Nf6 5. Nc3 a6 6. Bg5 e6 7. f4 h6 8. Bh4
Qb6 9. a3 Nc6 10. Bf2 Qc7 11. Qf3 e5 12. Nde2 Bg4 13. Qg3 Rc8 14. h3 Be6 15. Qd3
Na5 16. f5 Bc4 17. Qf3 Be7 18. g4 d5 19. exd5 e4 20. Qe3 Nxd5 21. Nxd5 Bxd5 22.
Nc3 Bc4 23. Bg3 Qc6 24. Bg2 O-O 25. Bxe4 Qd7 26. Rd1 Qe8 27. b4 Bg5 28. Bf4 Bb5
29. Nxb5 Nc4 30. Qf3 Bxf4 31. Qxf4 Qxb5 32. O-O Rfe8 33. f6 Qb6+ 34. Rf2 gxf6
35. Qf5 Kf8 36. Qh7 Ke7 37. Bd5 Ne5 38. c4 Red8 39. c5 Qc6 40. Bxc6 Rxd1+ 41.
Kg2 Rxc6 42. Qxh6 Re6 43. Rd2 Rxd2+ 44. Qxd2 Nc4 45. Qf4 Ne5 46. Qh6 Ng6 47. Kf2
Re4 48. Kg3 Re6 49. h4 Re4 50. Qd2 Kf8 51. Qd5 Re3+ 52. Kf2 Re2+ 53. Kf3 Re7 54.
Qd8+ Kg7 55. h5 Rd7 56. Qc8 Ne5+ 57. Ke4 Re7 58. Kf5 Re6 59. h6+ 1-0

[Event "Sardinia World Open A"]
[Site "Orosei ITA"]
[Date "2025.05.01"]
[Round "7.2"]
[White "Travadon, Loic"]
[Black "Dardha, Daniel"]
[Result "1/2-1/2"]
[WhiteTitle "IM"]
[BlackTitle "GM"]
[WhiteElo "2451"]
[BlackElo "2650"]
[WhiteFideId "26092131"]
[BlackFideId "240990"]
[EventDate "2025.04.27"]

1. e4 d6 2. d4 Nf6 3. Nc3 e5 4. dxe5 dxe5 5. Qxd8+ Kxd8 6. Nf3 Bd6 7. Bc4 Ke7 8.
Bg5 c6 9. O-O-O Bc7 10. a4 Nd7 11. h3 h6 12. Be3 Ba5 13. Rhe1 Bb4 1/2-1/2

[Event "Sardinia World Open A"]
[Site "Orosei ITA"]
[Date "2025.05.01"]
[Round "7.3"]
[White "Mendonca, Leon Luke"]
[Black "Admiraal, Miguoel"]
[Result "0-1"]
[WhiteTitle "GM"]
[BlackTitle "IM"]
[WhiteElo "2643"]
[BlackElo "2454"]
[WhiteFideId "35028561"]
[BlackFideId "1019716"]
[EventDate "2025.04.27"]

1. e4 c5 2. Nf3 Nc6 3. Bb5 e5 4. O-O Bd6 5. c3 a6 6. Ba4 b5 7. Bb3 c4 8. Bc2 Nf6
9. a4 b4 10. Qe2 a5 11. d3 cxd3 12. Bxd3 h6 13. Rd1 Bc5 14. Bb5 Qc7 15. Be3 Bxe3
16. Qxe3 O-O 17. Nbd2 Bb7 18. Rac1 bxc3 19. Rxc3 Rad8 20. Nh4 d5 21. Rc5 Qb6 22.
Rxc6 Qxe3 23. fxe3 Bxc6 24. Bxc6 dxe4 25. Kf2 g6 26. Ke2 Rd6 27. Bxe4 Rb8 28.
Nhf3 Rxb2 29. Rb1 Ra2 30. Rb8+ Kg7 31. Bb1 Rxa4 32. Nxe5 Re6 33. Nec4 Rb4 34.
Ra8 Nd5 35. Bc2 a4 36. Ra5 Nb6 37. Nxb6 Rexb6 38. Bxa4 Rh4 39. h3 Rb2 40. Bb3
Rb4 41. Ra3 Rb7 42. Bd5 Rd7 43. Ra5 Rc2 44. Kd3 Rc1 45. Nc4 Rg1 46. Ke2 Rc1 47.
Ne5 Rdc7 48. Nd3 R7c2+ 49. Kf3 Rf1+ 50. Ke4 Rxg2 51. Ra7 Rf5 52. Ne5 Rgf2 53.
Be6 Rf6 54. Bb3 R6f5 55. h4 Rf1 56. Be6 Rf6 57. Bc4 R1f5 58. Rb7 Rh5 59. Nxf7
Rxh4+ 60. Ke5 Rf5+ 61. Kd6 Kf8 62. Bd5 Rf6+ 63. Ke5 Rf5+ 64. Ke6 Ra4 65. e4 Ra6+
66. Nd6 Rf2 67. Ke5 h5 68. Rh7 Ra5 69. Nc8 Ra6 70. Ne7 Rb6 71. Nc6 Ra6 72. Nd8
Rg2 73. Rf7+ Ke8 74. Nb7 Rg5+ 75. Rf5 gxf5 76. exf5 h4 77. Nc5 Ra5 78. Ne6 Rxd5+
79. Kxd5 h3 80. Nxg5 h2 81. f6 h1=Q+ 82. Ke5 Qh5 83. Kf5 Kf8 84. Kf4 Qg6 85. Kg4
Kg8 86. f7+ Kg7 87. Kf4 Qf6+ 88. Kg4 Kg6 0-1

[Event "Sardinia World Open A"]
[Site "Orosei ITA"]
[Date "2025.05.01"]
[Round "7.4"]
[White "Samunenkov, Ihor"]
[Black "Ibrayev, Nurlan"]
[Result "1/2-1/2"]
[WhiteTitle "GM"]
[BlackTitle "GM"]
[WhiteElo "2572"]
[BlackElo "2367"]
[WhiteFideId "14187086"]
[BlackFideId "13700650"]
[EventDate "2025.04.27"]

1. d4 Nf6 2. c4 e6 3. Nc3 Bb4 4. e3 O-O 5. Bd3 d5 6. Ne2 c5 7. cxd5 cxd4 8. exd4
Nxd5 9. O-O Nf6 10. Bc2 Nc6 11. a3 Be7 12. Qd3 b6 13. Bg5 g6 14. Rad1 Bb7 15.
Bb3 Re8 16. Bh6 Bf8 17. Bxf8 Kxf8 18. Nf4 Ne7 19. Ba4 Bc6 20. Bxc6 Nxc6 21. d5
exd5 22. Ncxd5 Nxd5 23. Nxd5 Ne7 24. Qc3 Nxd5 25. Qh8+ Ke7 26. Qe5+ Kf8 27. Qh8+
Ke7 28. Qg7 Kd6 29. Rxd5+ Kxd5 30. Qxf7+ Re6 31. Rd1+ Kc5 32. Rc1+ Kd6 33. Rd1+
Kc5 34. Rc1+ Kd6 35. Rd1+ Ke5 1/2-1/2

[Event "Sardinia World Open A"]
[Site "Orosei ITA"]
[Date "2025.05.01"]
[Round "7.5"]
[White "Amar, Elham"]
[Black "Kiolbasa, Oliwia"]
[Result "1/2-1/2"]
[WhiteTitle "GM"]
[BlackTitle "IM"]
[WhiteElo "2546"]
[BlackElo "2361"]
[WhiteFideId "1533533"]
[BlackFideId "1154613"]
[EventDate "2025.04.27"]

1. e4 e5 2. Nf3 Nc6 3. Bb5 a6 4. Ba4 Nf6 5. O-O b5 6. Bb3 Bc5 7. c3 d6 8. d4 Bb6
9. Be3 O-O 10. Nbd2 h6 11. h3 Re8 12. Re1 Rb8 13. Re2 exd4 14. cxd4 Ne7 15. d5
Bxe3 16. Rxe3 Ng6 17. Nd4 Bb7 18. a4 Nd7 19. axb5 axb5 20. Bc2 Nde5 21. Qf1 Qf6
22. Nxb5 c6 23. Nc3 Ba8 24. dxc6 Bxc6 25. Rb1 Rb4 26. Qe1 Reb8 27. b3 Nf4 28.
Ne2 Ne6 29. Nf1 Nc5 30. Nfg3 Ng6 31. Qd2 Qe5 32. Rd1 Nxb3 33. Qxd6 Be8 34. Nf5
Nc5 35. Qxe5 Nxe5 36. Rd5 Rc4 37. Ned4 Ne6 38. Nxe6 fxe6 39. Rxe5 Rxc2 40. Rxe6
Bd7 41. Rg6 Rb1+ 42. Kh2 Bxf5 43. exf5 Rxf2 44. Re7 Rxf5 45. Rexg7+ Kf8 46. Rg8+
Kf7 47. R6g7+ Kf6 48. Rg6+ Kf7 49. R8g7+ Kf8 50. Ra7 h5 51. Rc6 Rb8 52. h4 Kg8
53. Kh3 Rb3+ 54. g3 Rbb5 55. Rg6+ Kf8 56. Rh7 Ra5 57. Rh8+ Kf7 58. Rhg8 Rab5 59.
R6g7+ Kf6 60. Rh7 Ra5 61. Rgh8 Rab5 62. Rg8 Ra5 63. Rgg7 Rab5 64. Ra7 Kg6 65.
Rhc7 Rbd5 66. Rg7+ Kf6 67. Rg8 Rb5 68. Rag7 Ra5 69. Rg6+ Kf7 70. R8g7+ Kf8 71.
Rb7 Rac5 72. Ra6 Ra5 73. Rh6 Kg8 74. Rhh7 Rab5 75. Rhg7+ Kf8 76. Rgf7+ Kg8 77.
Rf6 Ra5 78. Rg6+ Kf8 79. Rgg7 Rab5 80. Rgf7+ Kg8 81. Rf6 Ra5 82. Rg6+ Kf8 83.
Rgg7 1/2-1/2

[Event "Sardinia World Open A"]
[Site "Orosei ITA"]
[Date "2025.05.01"]
[Round "7.6"]
[White "Bettalli, Francesco"]
[Black "Sokolovsky, Yahli"]
[Result "1/2-1/2"]
[WhiteTitle "FM"]
[BlackTitle "GM"]
[WhiteElo "2355"]
[BlackElo "2546"]
[WhiteFideId "2816453"]
[BlackFideId "2820242"]
[EventDate "2025.04.27"]

1. e4 e5 2. Nf3 Nc6 3. Bb5 a6 4. Ba4 Nf6 5. O-O Be7 6. d3 b5 7. Bb3 d6 8. a3 a5
9. Nc3 a4 10. Ba2 Rb8 11. h3 O-O 12. Be3 Bd7 13. Ne2 Na5 14. Nd2 b4 15. axb4
Rxb4 16. b3 axb3 17. Nxb3 Nxb3 18. Bxb3 Qc8 19. Ra7 Rb7 1/2-1/2